000
00294nam a22001337a 4500
008
170608b xxu||||| |||| 00| 0 eng d
020
_a
9780195092448
041
_a
eng
080
_2
3RD
_a
32
100
_a
17
101
_a
SHP
245
_a
FORCE AND STATECRAFT
_c
CRAIG, G.A
942
_2
udc
_c
BK
999
_c
16542
_d
16542